| 000 | 00627nam a2200193 a 4500 | ||
|---|---|---|---|
| 005 | 20240913063946.0 | ||
| 008 | 991125s1984 mx 000 0 spa u | ||
| 020 | _a9688520071 | ||
| 035 | _aUPN01000009781 | ||
| 049 | _aCG | ||
| 050 | 4 |
_aLB2369 _bE2.2 1984 |
|
| 100 | 1 |
_aEco, Umberto, _d1932-2016 _930161 |
|
| 245 | 1 | 0 |
_aCómo se hace una tesis : _btécnicas y procedimientos de estudio, investigación y escritura / _cpor Umberto Eco. |
| 260 |
_aMéxico : _bGedisa, _c1984. |
||
| 300 | _a267 p. | ||
| 440 | 0 |
_aLibertad y cambio. _pPráctica |
|
| 650 | 2 |
_aTesis y disertaciones académicas _xMetodología _914125 |
|
| 905 | _aLibro | ||
| 999 |
_c9781 _d9781 |
||